Countries of the World With An Annoying Amount of Caveats - Statistics

General Stats
  • This quiz has been taken 6 times
  • The average score is 15 of 188
Answer Stats
C Answer % Correct
. Germany
40%
. Mauritania
40%
. Niger
40%
. Poland
40%
. Sl
40%
. United Kingdom
40%
. Airys
20%
. Albania
20%
. Algeria
20%
. Angola
20%
. Australia
20%
. Belarus
20%
. Belgium
20%
. Bolivia
20%
. Bosnia and Herzegovina
20%
. Btswn
20%
. Canada
20%
. Cdr
20%
. Chl
20%
. Clmb
20%
. Clnd
20%
. Cp Vrd
20%
. Crt
20%
. Czch Rpblc
20%
. Denmark
20%
. Djbt
20%
. Egypt
20%
. France
20%
. Greece
20%
. Gtml
20%
. Guyana
20%
. Hndrs
20%
. Ht
20%
. Ireland
20%
. Italy
20%
. Kenya
20%
. Latvia
20%
. Libya
20%
. Lithuania
20%
. L Slvdr
20%
. Lxmbrg
20%
. Malawi
20%
. Mali
20%
. Malta
20%
. Morocco
20%
. Mozambique
20%
. Ncrg
20%
. Netherlands
20%
. Nr
20%
. Rataq
20%
. Republic of the Congo
20%
. Russia
20%
. Slvk
20%
. Slvn
20%
. Sm
20%
. Sml
20%
. Spain
20%
. Srb
20%
. Sth Frc
20%
. Sth Sdn
20%
. Stn
20%
. Sudan
20%
. Suriname
20%
. Sweden
20%
. Thp
20%
. Togo
20%
. Tonga
20%
. Tunisia
20%
. Uganda
20%
. Vnzl
20%
. Aibara Iduas
0%
. Aigroeg
0%
. Ankal Irs
0%
. Austria
0%
. Benin
0%
. Blz
0%
. Brbds
0%
. Bulgaria
0%
. Burkina Faso
0%
. Burundi
0%
. Cameroon
0%
. Cb
0%
. Chd
0%
. Cmrs
0%
. Cntrl Frcn Rpblc
0%
. Côte d’Ivoire
0%
. Cst Rc
0%
. Dbmc
0%
. Dmcrtc Rpblc f th Cng
0%
. Dmncn Rpblc
0%
. Dnlht
0%
. Dominica
0%
. Eropagnis
0%
. Estel-Romit
0%
. Fdrtd Stts f Mcrns
0%
. Finland
0%
. Fj
0%
. Gbn
0%
. Ghana
0%
. Grenada
0%
. Guinea
0%
. Guinea-Bissau
0%
. Hungary
0%
. Ienurb
0%
. Jamaica
0%
. Japan
0%
. Krbt
0%
. Krn
0%
. Ksv
0%
. Lbr
0%
. Lchtnstn
0%
. Lgnm
0%
. Lpn
0%
. Lrs
0%
. Lsth
0%
. Madagascar
0%
. Manteiv
0%
. Mexico
0%
. Mldv
0%
. Mntngr
0%
. Monaco
0%
. Mrshll Slnds
0%
. Mrts
0%
. Nadroj
0%
. Namo
0%
. Nari
0%
. Natsikijat
0%
. Natsinahgfa
0%
. Natsinemkrut
0%
. Natszygryk
0%
. Natuhb
0%
. Ndrr
0%
. Nemey
0%
. Niarhab
0%
. Njbrz
0%
. Nmb
0%
. Nmr
0%
. Nonabel
0%
. North Macedonia
0%
. Norway
0%
. Ntg nd Brbd
0%
. Ntshkzk
0%
. Ntskbz
0%
. Nwt
0%
. Nw Zlnd
0%
. Papua New Guinea
0%
. Peru
0%
. Pl
0%
. Pnm
0%
. Prg
0%
. Prtgl
0%
. Qari
0%
. Qtrl Gn
0%
. Ramnaym
0%
. Rg
0%
. Rgntn
0%
. Rk Htrn
0%
. Rmn
0%
. Rtr
0%
. Rwnd
0%
. Saint Kitts and Nevis
0%
. São Tomé and Principe
0%
. Schlls
0%
. Senegal
0%
. Setarime Bara Detinu
0%
. Sevidlam
0%
. Slm
0%
. Slmn Slnds
0%
. Sn Mrn
0%
. Snpplhp
0%
. Snt Lc
0%
. Snt Vncnt nd th Grndns
0%
. South Korea
0%
. Srr Ln
0%
. Surpyc
0%
. Switzerland
0%
. Swtn
0%
. Th Bhms
0%
. Th Gmb
0%
. Tiawuk
0%
. Tnzn
0%
. Trinidad and Tobago
0%
. Tvl
0%
. Vanuatu
0%
. Vatican City
0%
. Yekrut
0%
. Zambia
0%
. Zimbabwe
0%
No matching quizzes found
Score Distribution
Percent of People with Each Score
Percentile by Number Answered
Your Score History
You have not taken this quiz